000 00302nam a2200133 i 4500
001 bg
100 1 _aKUBISA, Stefan
245 0 _aSystematyka i synteza /
_cStefan Kubisa.
260 _aSzczecin,
_c1978.
040 _cBPK
041 _apol
942 _cKS
008 s pl f |000 0 pol
999 _c18524
_d18524
856 _uhttp://koha.tu.koszalin.pl/cgi-bin/koha/opac-detail.pl?biblionumber=18524
_yKatalog online BPK